书目信息 |
| 题名: |
鱼病防治实用技术
|
|
| 作者: | 黄琪琰 , 宋承方 编著 | |
| 分册: | ||
| 出版信息: | 北京 农业出版社 1992.2 |
|
| 页数: | 247页 | |
| 开本: | 19cm | |
| 丛书名: | 养殖业高产技术丛书 | |
| 单 册: | ||
| 中图分类: | S942 | |
| 科图分类: | ||
| 主题词: | 鱼病--防治 | |
| 电子资源: | ||
| ISBN: | 7-109-02213-7 | |
| 000 | 00977nam2 2200301 45 | |
| 001 | 0192003175 | |
| 005 | 20040708110625.4 | |
| 010 | @a7-109-02213-7@dCNY3.90 | |
| 020 | @aCN@b92003175 | |
| 092 | @a科技259-171 | |
| 100 | @a19920629d1992 me y0chiy0121 ea | |
| 101 | 0 | @achi |
| 102 | @aCN@b110000 | |
| 105 | @af z 000yy | |
| 106 | @ar | |
| 200 | 10 | @a鱼病防治实用技术@Ayu bing fang zhi shi yong ji shu@f黄琪琰,宋承方编著@Fhuang qi yan song cheng fang bian zhu |
| 210 | @a北京@c农业出版社@d1992.2 | |
| 215 | @a247页@d19cm | |
| 225 | 2 | @a养殖业高产技术丛书 |
| 330 | @a本书对包括淡水温水性鱼类、领水性鱼类及海水鱼类在内的我国养殖鱼类的病源、流行情况、症状诊断和防治方法作了介绍。 | |
| 410 | 0 | @120010@a养殖业高产技术丛书 |
| 540 | 1 | @a鱼病 防治@Ayu bing fang zhi |
| 606 | @a鱼病@x防治 | |
| 690 | @aS942@v3 | |
| 701 | 0 | @a黄琪琰@Ahuang qi yan@4编著 |
| 701 | 0 | @a宋承方@Asong cheng fang@4编著 |
| 801 | 0 | @aCN@bNLC@c19920629 |
| 905 | @dS942@e4@b249228@f1 | |
| 鱼病防治实用技术/黄琪琰,宋承方编著.-北京:农业出版社,1992.2 |
| 247页;19cm.-(养殖业高产技术丛书) |
| ISBN 7-109-02213-7:CNY3.90 |
| 本书对包括淡水温水性鱼类、领水性鱼类及海水鱼类在内的我国养殖鱼类的病源、流行情况、症状诊断和防治方法作了介绍。 |
| ● |
| 相关链接 |
|
|
|
|
正题名:鱼病防治实用技术
索取号:S942/4
 
预约/预借
| 序号 | 登录号 | 条形码 | 馆藏地/架位号 | 状态 | 备注 |
| 1 | 0024931 | 000882959 | 第三借阅区/ [索取号:S942/4] | 在馆 | |
| 2 | 0249228 | 001953764 | 第三借阅区/ [索取号:S942/4] | 在馆 | |
| 3 | 0249229 | 000882931 | 第三借阅区/ [索取号:S942/4] | 在馆 | |
| 4 | 0249230 | 000882940 | 第三借阅区/ [索取号:S942/4] | 在馆 | |
| 5 | 0249231 | 000882959 | 第三借阅区/ [索取号:S942/4] | 在馆 | |
| 6 | 0249232 | 000882968 | 第二样本阅览室/ [索取号:S942/4] | 在馆 |